000 00491nam a2200169Ia 4500
008 090711s9999 xx 000 0 und d
082 _b70758
100 _aवागळे वि. द.
245 _aकाटेरी फुलोरा
260 _c1993
300 _a271
600 _aवागळे वि. द.
630 _aकाटेरी फुलोरा
700 _aवागळे वि. द.
730 _aकाटेरी फुलोरा
942 _cBOOK
999 _c317781
_d317781